000 01104nam a22002657a 4500
003 PE SENCICO BE
005 20251020182652.0
008 240206b |||||||| |||| 00| 0 eng d
040 _aPE SENCICO BE
_cPE SENCICO BE
041 _aspa
084 _aI
_aDIS
_a2017
_bC78
100 1 _91948
_aCortez Goicochea, Grecia Jhoan A.
_eautor
245 1 _aLa organización espacial en restaurantes /
_cGrecia Jhoan A. Cortez Goicochea
260 _aLima :
_c2017
300 _a2 v. :
_bil. col.;
_c30 cm.
500 _aTexto en dos volúmenes. El volumen 2 contiene planos (40 x 60 cm.).
502 _aMonografía de Titulación.-- Servicio Nacional de Capacitación para la Industria de la Construcción. Escuela Superior Técnica. Carrera Profesional Técnica en Diseño de Interiores, 2017
650 1 0 _944
_aDiseño de interiores
650 2 0 _91811
_aPercepción espacial
650 2 0 _966
_aRestaurantes
650 2 0 _9615
_aPlanos
710 1 _aServicio Nacional de Capacitación para la Industria de la Construcción.
_bEscuela Superior Técnica
_91065
910 _bhfp
_chfp
942 _cMON
_2ddc
999 _c4561
_d4561